| 000 | 01101nam0a2200337 4500 | ||
|---|---|---|---|
| 001 | RU\NLR\bibl\2051170 | ||
| 005 | 20260406132627.0 | ||
| 010 |
_a5-87604-042-8 _91000 |
||
| 021 |
_aRU _b2013-45437 _93155 |
||
| 035 | _a(nilc)RuMoRGB-006591422 | ||
| 035 | _a(NLR Aleph) 002038190 | ||
| 090 |
_a4583153 _c4583153 |
||
| 100 | _a20130610d2005 |||y0rusy50 ca | ||
| 101 | 0 | _arus | |
| 102 | _aRU | ||
| 105 | _ay zzzz||||| | ||
| 200 | 1 |
_aРусская сказка _fВ. Я. Пропп |
|
| 210 |
_aМосква _cЛабиринт _d2005 |
||
| 215 |
_a379 с. _d21 |
||
| 320 | _aБиблиогр. в подстроч. примеч. | ||
| 606 | 1 |
_aСказки русские _91197573 _3RU\NLR\auth\66166301 |
|
| 686 | _aШ3(2=1Р)-615.1 | ||
| 700 | 1 |
_4070 _7ca _8rus _aПропп _bВ. Я. _f1895-1970 _gВладимир Яковлевич _3RU\NLR\AUTH\771924 _9111941 |
|
| 801 | 0 |
_aRU _bRuMoRKP _c20130610 _gRCR |
|
| 801 | 2 |
_aRU _bРГБ _c20130617 |
|
| 801 | 1 |
_aRU _bRuMoRKP _c20130610 _2rusmarc |
|
| 801 | 2 |
_aRU _bNLR _c20130705 _grcr |
|
| 942 | _cBOOK | ||
| 980 | _aNB | ||